[Event "Greek Team Championship"]
[Site "chess24.com"]
[Date "2017.07.04"]
[Round "2"]
[White "Nikolov, Momchil"]
[Black "Macieja, Bartlomiej"]
[Result "1/2-1/2"]
[Board "1"]
[WhiteElo "2567"]
[WhiteTitle "GM"]
[WhiteCountry "BUL"]
[WhiteFideId "2905710"]
[BlackElo "2537"]
[BlackTitle "GM"]
[BlackCountry "POL"]
[BlackFideId "1104306"]

1. d4 {[%clk 1:30:24]} Nf6 {[%clk 1:28:05]} 2. c4 {[%clk 1:30:41]} e6 {[%clk
1:28:29]} 3. Nf3 {[%clk 1:31:03]} d5 {[%clk 1:28:56]} 4. g3 {[%clk 1:31:23]} Bb4+
{[%clk 1:29:10]} 5. Bd2 {[%clk 1:31:42]} Be7 {[%clk 1:29:36]} 6. Bg2 {[%clk
1:32:01]} c6 {[%clk 1:29:58]} 7. Qc2 {[%clk 1:32:11]} O-O {[%clk 1:30:19]} 8. O-O
{[%clk 1:32:32]} Nbd7 {[%clk 1:30:39]} 9. Bf4 {[%clk 1:32:26]} b6 {[%clk
1:29:52]} 10. cxd5 {[%clk 1:26:18]} cxd5 {[%clk 1:30:15]} 11. Rc1 {[%clk
1:22:44]} Bb7 {[%clk 1:25:32]} 12. Nc3 {[%clk 1:19:05]} Rc8 {[%clk 1:10:48]} 13.
Qb3 {[%clk 1:15:23]} a6 {[%clk 0:36:30]} 14. a4 {[%clk 1:09:49]} Nh5 {[%clk
0:27:13]} 15. Bd2 {[%clk 1:05:22]} Nhf6 {[%clk 0:27:37]} 16. Bf4 {[%clk 0:56:39]}
Nh5 {[%clk 0:28:03]} 17. Bd2 {[%clk 0:51:24]} Nhf6 {[%clk 0:28:31]} 18. Bf4
{[%clk 0:50:23]} 1/2-1/2

[Event "Greek Team Championship"]
[Site "chess24.com"]
[Date "2017.07.04"]
[Round "2"]
[White "Moutousis, Konstantinos"]
[Black "Markidis, Konstantinos"]
[Result "1-0"]
[Board "2"]
[WhiteElo "2413"]
[WhiteTitle "IM"]
[WhiteCountry "GRE"]
[WhiteFideId "4200071"]
[WhiteEloChange "4"]
[BlackElo "2370"]
[BlackCountry "GRE"]
[BlackFideId "4203500"]
[BlackEloChange "-9"]

1. d4 {[%clk 1:25:35]} e6 {[%clk 1:30:09]} 2. c4 {[%clk 1:25:40]} Nf6 {[%clk
1:30:05]} 3. g3 {[%clk 1:25:55]} d5 {[%clk 1:25:18]} 4. Bg2 {[%clk 1:26:03]} Be7
{[%clk 1:24:11]} 5. Nf3 {[%clk 1:26:27]} O-O {[%clk 1:24:34]} 6. O-O {[%clk
1:26:45]} dxc4 {[%clk 1:24:54]} 7. Ne5 {[%clk 1:18:04]} Nc6 {[%clk 1:25:04]} 8.
Nxc6 {[%clk 1:18:31]} bxc6 {[%clk 1:25:26]} 9. Na3 {[%clk 1:19:00]} Bxa3 {[%clk
1:24:22]} 10. bxa3 {[%clk 1:19:25]} Ba6 {[%clk 1:15:45]} 11. Qd2 {[%clk 1:17:47]}
Rb8 {[%clk 1:15:00]} 12. Qa5 {[%clk 1:16:40]} Rb6 {[%clk 1:06:12]} 13. a4 {[%clk
1:15:07]} Qc8 {[%clk 1:04:05]} 14. Ba3 {[%clk 1:05:59]} Rd8 {[%clk 1:04:13]} 15.
e3 {[%clk 1:05:35]} Nd5 {[%clk 0:50:17]} 16. e4 {[%clk 1:00:34]} Nf6 {[%clk
0:50:14]} 17. Bc5 {[%clk 1:00:50]} Rd7 {[%clk 0:31:43]} 18. Rfb1 {[%clk 0:56:40]}
h6 {[%clk 0:28:05]} 19. Qe1 {[%clk 0:43:22]} Qa8 {[%clk 0:20:26]} 20. f3 {[%clk
0:39:49]} Qb8 {[%clk 0:13:40]} 21. Bf1 {[%clk 0:38:34]} Qd8 {[%clk 0:09:39]} 22.
Qc3 {[%clk 0:37:56]} Nh7 {[%clk 0:09:17]} 23. Be2 {[%clk 0:31:47]} Ng5 {[%clk
0:08:36]} 24. Rd1 {[%clk 0:31:55]} Qb8 {[%clk 0:06:56]} 25. Bxb6 {[%clk 0:30:11]}
cxb6 {[%clk 0:07:17]} 26. Kg2 {[%clk 0:30:03]} b5 {[%clk 0:06:57]} 27. Rab1
{[%clk 0:30:24]} Qc8 {[%clk 0:05:02]} 28. Qa5 {[%clk 0:28:19]} f5 {[%clk
0:04:44]} 29. e5 {[%clk 0:21:42]} Rd5 {[%clk 0:04:55]} 30. h4 {[%clk 0:18:21]}
Nf7 {[%clk 0:05:24]} 31. f4 {[%clk 0:18:44]} c5 {[%clk 0:04:26]} 32. Bf3 {[%clk
0:15:13]} Rxd4 {[%clk 0:04:15]} 33. axb5 {[%clk 0:15:31]} Bb7 {[%clk 0:04:35]}
34. Qc3 {[%clk 0:15:54]} Qa8 {[%clk 0:04:01]} 35. Kf2 {[%clk 0:15:16]} Be4 {[%clk
0:03:52]} 36. Rbc1 {[%clk 0:15:22]} Qd5 {[%clk 0:03:27]} 37. Rxd4 {[%clk
0:11:43]} cxd4 {[%clk 0:03:37]} 38. Qxc4 {[%clk 0:12:09]} Bxf3 {[%clk 0:03:43]}
39. Qxd5 {[%clk 0:12:30]} Bxd5 {[%clk 0:04:08]} 40. Rc8+ {[%clk 0:42:56]} Kh7
{[%clk 0:34:14]} 41. a4 {[%clk 0:43:08]} Kg6 {[%clk 0:28:05]} 42. a5 {[%clk
0:39:32]} Kh5 {[%clk 0:27:40]} 43. a6 {[%clk 0:37:56]} g5 {[%clk 0:25:49]} 44.
Rc7 {[%clk 0:33:46]} gxf4 {[%clk 0:21:59]} 45. gxf4 {[%clk 0:34:07]} Nd8 {[%clk
0:16:20]} 46. Rxa7 {[%clk 0:34:15]} Bc4 {[%clk 0:13:37]} 47. Rc7 {[%clk 0:33:55]}
1-0

[Event "Greek Team Championship"]
[Site "chess24.com"]
[Date "2017.07.04"]
[Round "2"]
[White "Dimitrov, Atanas"]
[Black "Filippas, Sebastian"]
[Result "1-0"]
[Board "3"]
[WhiteElo "2291"]
[WhiteTitle "IM"]
[WhiteCountry "GRE"]
[WhiteFideId "2901315"]
[WhiteEloChange "9"]
[BlackElo "2268"]
[BlackCountry "GRE"]
[BlackFideId "4214862"]
[BlackEloChange "-9"]

1. Nf3 {[%clk 1:30:58]} Nf6 {[%clk 1:30:55]} 2. g3 {[%clk 1:31:22]} g6 {[%clk
1:31:19]} 3. Bg2 {[%clk 1:31:44]} Bg7 {[%clk 1:31:45]} 4. O-O {[%clk 1:31:54]}
O-O {[%clk 1:32:13]} 5. d4 {[%clk 1:24:50]} d5 {[%clk 1:32:37]} 6. Nbd2 {[%clk
1:22:36]} c6 {[%clk 1:23:59]} 7. c4 {[%clk 1:20:46]} Bf5 {[%clk 1:21:12]} 8. b3
{[%clk 1:20:49]} Na6 {[%clk 1:09:30]} 9. Bb2 {[%clk 1:20:01]} Ne4 {[%clk
1:02:56]} 10. Nh4 {[%clk 1:18:03]} Nxd2 {[%clk 1:03:15]} 11. Qxd2 {[%clk
1:17:24]} Be6 {[%clk 1:03:30]} 12. cxd5 {[%clk 1:09:05]} cxd5 {[%clk 1:03:56]}
13. f4 {[%clk 1:08:14]} Qd7 {[%clk 0:41:24]} 14. Nf3 {[%clk 0:57:21]} Rfc8 {[%clk
0:35:18]} 15. Rfc1 {[%clk 0:55:11]} Bf5 {[%clk 0:10:33]} 16. Ne5 {[%clk 0:37:04]}
Qd8 {[%clk 0:07:32]} 17. Ba3 {[%clk 0:30:00]} e6 {[%clk 0:04:46]} 18. g4 {[%clk
0:20:18]} Be4 {[%clk 0:04:06]} 19. g5 {[%clk 0:20:35]} Bxg2 {[%clk 0:02:51]} 20.
Kxg2 {[%clk 0:21:02]} f6 {[%clk 0:01:59]} 21. gxf6 {[%clk 0:17:43]} Qxf6 {[%clk
0:02:21]} 22. Rxc8+ {[%clk 0:15:07]} Rxc8 {[%clk 0:02:46]} 23. Rc1 {[%clk
0:15:32]} Re8 {[%clk 0:01:41]} 24. h3 {[%clk 0:10:32]} Qf5 {[%clk 0:01:05]} 25.
Nf3 {[%clk 0:10:55]} Nb8 {[%clk 0:01:08]} 26. Rc7 {[%clk 0:10:02]} Nc6 {[%clk
0:01:35]} 27. Rxb7 {[%clk 0:10:07]} Qe4 {[%clk 0:01:24]} 28. Rc7 {[%clk 0:08:07]}
Nb8 {[%clk 0:00:40]} 29. Rxa7 {[%clk 0:07:10]} Bh6 {[%clk 0:00:48]} 30. Bd6
{[%clk 0:07:04]} Nc6 {[%clk 0:00:37]} 31. Rc7 {[%clk 0:07:24]} Nd8 {[%clk
0:00:39]} 32. Rc8 {[%clk 0:07:06]} g5 {[%clk 0:00:45]} 33. fxg5 {[%clk 0:06:28]}
Bf8 {[%clk 0:01:05]} 34. Bg3 {[%clk 0:05:45]} 1-0

[Event "Greek Team Championship"]
[Site "chess24.com"]
[Date "2017.07.04"]
[Round "2"]
[White "Tzouganakis, Panteleimon"]
[Black "Michos, Thomas"]
[Result "1/2-1/2"]
[Board "4"]
[WhiteElo "2227"]
[WhiteCountry "GRE"]
[WhiteFideId "4215826"]
[WhiteEloChange "-1"]
[BlackElo "2209"]
[BlackCountry "GRE"]
[BlackFideId "4202082"]
[BlackEloChange "1"]

1. e4 {[%clk 1:30:56]} e5 {[%clk 1:30:53]} 2. Nf3 {[%clk 1:30:59]} Nc6 {[%clk
1:31:16]} 3. Bc4 {[%clk 1:30:17]} Bc5 {[%clk 1:31:31]} 4. b4 {[%clk 1:29:37]}
Bxb4 {[%clk 1:31:14]} 5. c3 {[%clk 1:30:02]} Bc5 {[%clk 1:31:02]} 6. O-O {[%clk
1:26:54]} d6 {[%clk 1:29:16]} 7. d4 {[%clk 1:26:39]} Bb6 {[%clk 1:29:36]} 8. dxe5
{[%clk 1:15:26]} dxe5 {[%clk 1:30:01]} 9. Qxd8+ {[%clk 0:44:25]} Nxd8 {[%clk
1:30:11]} 10. Nxe5 {[%clk 0:44:39]} Be6 {[%clk 1:30:35]} 11. Ba3 {[%clk 0:43:16]}
f6 {[%clk 1:25:12]} 12. Bxe6 {[%clk 0:42:41]} Nxe6 {[%clk 1:25:31]} 13. Nf3
{[%clk 0:33:15]} Ne7 {[%clk 1:16:13]} 14. Nbd2 {[%clk 0:32:35]} Nc6 {[%clk
1:08:19]} 15. Nc4 {[%clk 0:26:07]} Kf7 {[%clk 1:04:17]} 16. e5 {[%clk 0:17:52]}
Rad8 {[%clk 1:02:27]} 17. Rfe1 {[%clk 0:13:50]} Rd3 {[%clk 0:58:35]} 18. Rac1
{[%clk 0:13:40]} Rhd8 {[%clk 0:45:43]} 19. exf6 {[%clk 0:12:08]} gxf6 {[%clk
0:46:06]} 20. Nxb6 {[%clk 0:09:48]} axb6 {[%clk 0:46:21]} 21. Bb2 {[%clk
0:10:10]} Nf4 {[%clk 0:41:28]} 22. Re4 {[%clk 0:08:54]} Rd1+ {[%clk 0:20:14]} 23.
Rxd1 {[%clk 0:09:16]} Rxd1+ {[%clk 0:20:40]} 24. Re1 {[%clk 0:09:39]} Rxe1+
{[%clk 0:19:26]} 25. Nxe1 {[%clk 0:10:08]} Ne5 {[%clk 0:18:50]} 26. Kf1 {[%clk
0:09:16]} Nc4 {[%clk 0:15:13]} 27. Bc1 {[%clk 0:04:53]} Nd5 {[%clk 0:15:17]} 28.
Ke2 {[%clk 0:03:17]} Nxc3+ {[%clk 0:14:13]} 29. Kd3 {[%clk 0:03:46]} Nxa2 {[%clk
0:14:34]} 30. Bf4 {[%clk 0:03:11]} Nd6 {[%clk 0:11:53]} 31. Bxd6 {[%clk 0:02:32]}
cxd6 {[%clk 0:12:20]} 32. Kc4 {[%clk 0:02:59]} b5+ {[%clk 0:06:44]} 33. Kxb5
{[%clk 0:02:51]} Nc3+ {[%clk 0:07:08]} 34. Kb6 {[%clk 0:02:49]} Ne4 {[%clk
0:07:33]} 35. Nd3 {[%clk 0:03:04]} Ke6 {[%clk 0:06:20]} 36. f3 {[%clk 0:03:29]}
Nd2 {[%clk 0:02:36]} 37. Kxb7 {[%clk 0:03:49]} Nf1 {[%clk 0:03:02]} 38. h3 {[%clk
0:03:07]} Ne3 {[%clk 0:03:27]} 39. g4 {[%clk 0:03:05]} Nc4 {[%clk 0:00:37]} 40.
f4 {[%clk 0:32:16]} Kd5 {[%clk 0:30:33]} 41. g5 {[%clk 0:30:51]} fxg5 {[%clk
0:27:26]} 42. fxg5 {[%clk 0:31:19]} Ke4 {[%clk 0:26:47]} 43. Nb4 {[%clk 0:25:38]}
d5 {[%clk 0:26:12]} 44. Kc6 {[%clk 0:26:01]} Ne5+ {[%clk 0:24:56]} 45. Kd6 {[%clk
0:24:38]} Nf7+ {[%clk 0:24:22]} 46. Ke7 {[%clk 0:25:02]} Nxg5 {[%clk 0:24:43]}
47. h4 {[%clk 0:25:31]} d4 {[%clk 0:12:40]} 48. hxg5 {[%clk 0:24:46]} Kf5 {[%clk
0:13:04]} 49. Kd6 {[%clk 0:25:08]} Kxg5 {[%clk 0:13:22]} 50. Kd5 {[%clk 0:25:08]}
1/2-1/2

[Event "Greek Team Championship"]
[Site "chess24.com"]
[Date "2017.07.04"]
[Round "2"]
[White "Galunova, Tsveta"]
[Black "Michna, Marta"]
[Result "1/2-1/2"]
[Board "5"]
[WhiteElo "2175"]
[WhiteCountry "BUL"]
[WhiteFideId "2909995"]
[WhiteEloChange "5"]
[BlackElo "2372"]
[BlackTitle "WGM"]
[BlackCountry "GER"]
[BlackFideId "1106686"]
[BlackEloChange "-5"]

1. d4 {[%clk 1:30:39]} Nf6 {[%clk 1:30:49]} 2. c4 {[%clk 1:30:58]} c5 {[%clk
1:31:12]} 3. d5 {[%clk 1:31:19]} e6 {[%clk 1:31:34]} 4. Nc3 {[%clk 1:31:37]} exd5
{[%clk 1:32:00]} 5. cxd5 {[%clk 1:31:56]} Bd6 {[%clk 1:32:23]} 6. Nf3 {[%clk
1:29:04]} Bc7 {[%clk 1:23:38]} 7. d6 {[%clk 1:28:55]} Ba5 {[%clk 1:23:56]} 8. g3
{[%clk 1:28:53]} b6 {[%clk 1:18:19]} 9. Bg2 {[%clk 1:27:53]} Bb7 {[%clk 1:18:44]}
10. O-O {[%clk 1:27:34]} O-O {[%clk 1:19:02]} 11. Nb5 {[%clk 1:06:24]} Na6 {[%clk
0:54:32]} 12. a3 {[%clk 0:56:08]} Bc6 {[%clk 0:46:51]} 13. Qd3 {[%clk 0:51:30]}
Re8 {[%clk 0:41:29]} 14. b3 {[%clk 0:27:51]} Be4 {[%clk 0:30:18]} 15. Qc4 {[%clk
0:26:01]} Bd5 {[%clk 0:29:55]} 16. Qd3 {[%clk 0:24:47]} Be4 {[%clk 0:19:29]} 17.
Qc4 {[%clk 0:25:04]} Bd5 {[%clk 0:19:22]} 18. Qd3 {[%clk 0:24:57]} Be4 {[%clk
0:06:23]} 19. Qc4 {[%clk 0:21:50]} Bd5 {[%clk 0:06:14]} 1/2-1/2

[Event "Greek Team Championship"]
[Site "chess24.com"]
[Date "2017.07.04"]
[Round "2"]
[White "Papathanasiou, Elisavet"]
[Black "Liapi Zenebisi, Irini"]
[Result "1-0"]
[Board "6"]
[WhiteElo "1927"]
[WhiteCountry "GRE"]
[WhiteFideId "4222687"]
[WhiteEloChange "6"]
[BlackElo "1791"]
[BlackCountry "GRE"]
[BlackFideId "4234120"]
[BlackEloChange "-6"]

1. d4 {[%clk 1:30:57]} Nf6 {[%clk 1:30:55]} 2. c4 {[%clk 1:31:21]} e6 {[%clk
1:31:22]} 3. Nf3 {[%clk 1:31:46]} b6 {[%clk 1:31:47]} 4. a3 {[%clk 1:32:12]} Ba6
{[%clk 1:31:27]} 5. Qc2 {[%clk 1:31:00]} d5 {[%clk 1:23:50]} 6. cxd5 {[%clk
1:27:08]} exd5 {[%clk 1:24:13]} 7. Bf4 {[%clk 1:25:03]} Bd6 {[%clk 1:24:22]} 8.
Ne5 {[%clk 1:22:13]} O-O {[%clk 1:22:32]} 9. Bg5 {[%clk 0:58:54]} Re8 {[%clk
1:06:20]} 10. Nc6 {[%clk 0:51:54]} Nxc6 {[%clk 1:06:39]} 11. Qxc6 {[%clk
0:52:20]} h6 {[%clk 1:03:05]} 12. Bh4 {[%clk 0:50:30]} Re6 {[%clk 0:47:31]} 13.
Qa4 {[%clk 0:50:13]} Qc8 {[%clk 0:46:16]} 14. Nc3 {[%clk 0:45:57]} c6 {[%clk
0:44:57]} 15. Rc1 {[%clk 0:39:45]} Bf4 {[%clk 0:43:36]} 16. e3 {[%clk 0:38:59]}
Bxf1 {[%clk 0:39:08]} 17. Kxf1 {[%clk 0:39:19]} Bg5 {[%clk 0:36:57]} 18. Bg3
{[%clk 0:30:46]} h5 {[%clk 0:34:43]} 19. h4 {[%clk 0:30:12]} Bh6 {[%clk 0:35:06]}
20. Be5 {[%clk 0:30:33]} a5 {[%clk 0:32:25]} 21. Kg1 {[%clk 0:28:00]} Qa6 {[%clk
0:26:31]} 22. Bxf6 {[%clk 0:20:53]} Rxf6 {[%clk 0:26:16]} 23. Qc2 {[%clk
0:18:39]} Re8 {[%clk 0:25:39]} 24. Rh3 {[%clk 0:14:43]} Qb7 {[%clk 0:23:25]} 25.
Rd1 {[%clk 0:08:57]} Qd7 {[%clk 0:21:41]} 26. Qe2 {[%clk 0:07:30]} Rg6 {[%clk
0:16:17]} 27. Kf1 {[%clk 0:06:31]} Qf5 {[%clk 0:14:15]} 28. Na4 {[%clk 0:03:39]}
Qe4 {[%clk 0:09:41]} 29. g3 {[%clk 0:01:58]} Qf5 {[%clk 0:09:53]} 30. Kg2 {[%clk
0:02:07]} Qe4+ {[%clk 0:09:03]} 31. Kf1 {[%clk 0:02:16]} Rf6 {[%clk 0:07:34]} 32.
Kg1 {[%clk 0:01:58]} Rf3 {[%clk 0:05:52]} 33. Nc3 {[%clk 0:01:51]} Qg4 {[%clk
0:06:15]} 34. Kg2 {[%clk 0:01:43]} Rf5 {[%clk 0:02:41]} 35. Qxg4 {[%clk 0:02:09]}
hxg4 {[%clk 0:03:05]} 36. Rhh1 {[%clk 0:02:37]} Re6 {[%clk 0:03:16]} 37. Rhe1
{[%clk 0:02:32]} Ref6 {[%clk 0:01:54]} 38. Re2 {[%clk 0:02:54]} g6 {[%clk
0:01:47]} 39. Na4 {[%clk 0:02:20]} b5 {[%clk 0:01:37]} 40. Nc5 {[%clk 0:32:31]}
Bf8 {[%clk 0:31:53]} 41. Nd7 {[%clk 0:31:06]} Re6 {[%clk 0:31:00]} 42. Ne5 {[%clk
0:31:08]} c5 {[%clk 0:24:50]} 43. Nxg4 {[%clk 0:31:31]} c4 {[%clk 0:24:35]} 44.
Rc1 {[%clk 0:29:29]} Kg7 {[%clk 0:24:16]} 45. Ne5 {[%clk 0:27:32]} Rh5 {[%clk
0:21:33]} 46. Ra1 {[%clk 0:19:25]} Bd6 {[%clk 0:20:04]} 47. Nf3 {[%clk 0:17:46]}
Rh8 {[%clk 0:20:01]} 48. a4 {[%clk 0:17:46]} Rb8 {[%clk 0:20:01]} 49. axb5 {[%clk
0:17:46]} Rxb5 {[%clk 0:20:01]} 50. Ng5 {[%clk 0:17:46]} Re8 {[%clk 0:20:01]} 51.
f3 {[%clk 0:17:46]} f6 {[%clk 0:20:01]} 52. Nh3 {[%clk 0:17:46]} Bb4 {[%clk
0:20:01]} 53. Rc1 {[%clk 0:17:46]} a4 {[%clk 0:20:01]} 54. e4 {[%clk 0:17:46]} a3
{[%clk 0:20:01]} 55. bxa3 {[%clk 0:17:46]} Bxa3 {[%clk 0:20:01]} 56. Rcc2 {[%clk
0:17:46]} Reb8 {[%clk 0:20:01]} 57. Nf4 {[%clk 0:17:46]} dxe4 {[%clk 0:20:01]}
58. fxe4 {[%clk 0:17:46]} Rc8 {[%clk 0:20:01]} 59. Nd5 {[%clk 0:17:46]} Bd6
{[%clk 0:20:01]} 60. Ne3 {[%clk 0:17:46]} c3 {[%clk 0:20:01]} 61. Nd5 {[%clk
0:17:46]} Rb3 {[%clk 0:20:01]} 62. Kf3 {[%clk 0:17:46]} Ba3 {[%clk 0:20:01]} 63.
Ke3 {[%clk 0:17:46]} Rc4 {[%clk 0:20:01]} 64. Kd3 {[%clk 0:17:46]} Ra4 {[%clk
0:20:01]} 65. Rxc3 {[%clk 0:17:46]} Rxc3+ {[%clk 0:20:01]} 66. Kxc3 {[%clk
0:17:46]} Bf8 {[%clk 0:20:01]} 67. Rb2 {[%clk 0:17:46]} Ra3+ {[%clk 0:20:01]} 68.
Kc4 {[%clk 0:17:46]} Ra4+ {[%clk 0:20:01]} 69. Kc3 {[%clk 0:17:46]} Ra3+ {[%clk
0:20:01]} 70. Rb3 {[%clk 0:17:46]} Rxb3+ {[%clk 0:20:01]} 71. Kxb3 {[%clk
0:17:46]} Bd6 {[%clk 0:20:01]} 72. Nf4 {[%clk 0:17:46]} g5 {[%clk 0:20:01]} 73.
hxg5 {[%clk 0:17:46]} fxg5 {[%clk 0:20:01]} 74. Ne2 {[%clk 0:17:46]} Kg6 {[%clk
0:20:01]} 75. Kc4 {[%clk 0:17:46]} Kh5 {[%clk 0:20:01]} 76. Kd5 {[%clk 0:17:46]}
1-0

[Event "Greek Team Championship"]
[Site "chess24.com"]
[Date "2017.07.04"]
[Round "2"]
[White "Aivazian, Elpida Sofia"]
[Black "Skiadopoulou, Afroditi-Lelouda"]
[Result "1-0"]
[Board "7"]
[WhiteElo "1415"]
[WhiteCountry "GRE"]
[WhiteFideId "25821555"]
[WhiteEloChange "12"]
[BlackElo "1469"]
[BlackCountry "GRE"]
[BlackFideId "4290712"]
[BlackEloChange "-12"]

1. e4 {[%clk 1:30:58]} e5 {[%clk 1:30:55]} 2. Nf3 {[%clk 1:31:12]} Nc6 {[%clk
1:31:20]} 3. Bb5 {[%clk 1:31:39]} a6 {[%clk 1:31:43]} 4. Ba4 {[%clk 1:31:54]} Nf6
{[%clk 1:31:23]} 5. d3 {[%clk 1:32:21]} b5 {[%clk 1:31:27]} 6. Bb3 {[%clk
1:32:46]} Bc5 {[%clk 1:30:42]} 7. Nxe5 {[%clk 1:25:01]} Nxe5 {[%clk 1:30:24]} 8.
d4 {[%clk 1:25:22]} Bxd4 {[%clk 1:10:32]} 9. Qxd4 {[%clk 1:25:44]} Qe7 {[%clk
1:10:41]} 10. a3 {[%clk 1:14:27]} Nc6 {[%clk 1:07:54]} 11. Qd3 {[%clk 1:12:39]}
Qxe4+ {[%clk 1:01:24]} 12. Qxe4+ {[%clk 1:12:56]} Nxe4 {[%clk 1:01:51]} 13. O-O
{[%clk 1:03:08]} O-O {[%clk 0:59:26]} 14. Re1 {[%clk 1:01:44]} Nd6 {[%clk
0:57:20]} 15. c3 {[%clk 0:57:54]} Bb7 {[%clk 0:53:30]} 16. Bf4 {[%clk 0:54:49]}
Ne8 {[%clk 0:53:09]} 17. Bd5 {[%clk 0:51:38]} d6 {[%clk 0:53:00]} 18. Bg5 {[%clk
0:43:40]} Nf6 {[%clk 0:50:14]} 19. Bxf6 {[%clk 0:40:05]} gxf6 {[%clk 0:50:39]}
20. Nd2 {[%clk 0:40:26]} Rfe8 {[%clk 0:48:00]} 21. Ne4 {[%clk 0:39:20]} Kg7
{[%clk 0:47:53]} 22. Re3 {[%clk 0:35:27]} Nd8 {[%clk 0:35:40]} 23. Rg3+ {[%clk
0:34:46]} Kf8 {[%clk 0:33:01]} 24. Nxf6 {[%clk 0:31:16]} Re2 {[%clk 0:31:27]} 25.
Bxb7 {[%clk 0:29:53]} Nxb7 {[%clk 0:30:57]} 26. Rg8+ {[%clk 0:30:09]} Ke7 {[%clk
0:31:11]} 27. Nd5+ {[%clk 0:29:43]} Kd7 {[%clk 0:31:12]} 28. Rxa8 {[%clk
0:29:54]} Rxb2 {[%clk 0:31:07]} 29. g3 {[%clk 0:26:17]} Nc5 {[%clk 0:30:07]} 30.
Re1 {[%clk 0:24:25]} Rb3 {[%clk 0:29:03]} 31. Re7+ {[%clk 0:20:12]} Kc6 {[%clk
0:29:17]} 32. Nxc7 {[%clk 0:15:33]} Rxa3 {[%clk 0:28:18]} 33. Ne8 {[%clk
0:14:17]} Rxc3 {[%clk 0:26:26]} 34. Rc8+ {[%clk 0:14:02]} Kd5 {[%clk 0:25:58]}
35. Nf6+ {[%clk 0:13:32]} Kc4 {[%clk 0:21:10]} 36. Nd7 {[%clk 0:12:53]} Kb4
{[%clk 0:21:00]} 37. Rxf7 {[%clk 0:10:32]} a5 {[%clk 0:16:44]} 38. Rb8 {[%clk
0:08:03]} Ka4 {[%clk 0:14:28]} 39. Nb6+ {[%clk 0:07:30]} Kb3 {[%clk 0:14:14]} 40.
Nd5 {[%clk 0:37:13]} Rc1+ {[%clk 0:44:38]} 41. Kg2 {[%clk 0:37:37]} b4 {[%clk
0:45:00]} 42. Rxh7 {[%clk 0:27:06]} Kb2 {[%clk 0:39:00]} 43. Nxb4 {[%clk
0:23:03]} axb4 {[%clk 0:39:24]} 44. Rxb4+ {[%clk 0:23:26]} Kc3 {[%clk 0:39:49]}
45. Rb6 {[%clk 0:22:45]} Rd1 {[%clk 0:39:13]} 46. h4 {[%clk 0:21:25]} Rd2 {[%clk
0:38:33]} 47. h5 {[%clk 0:19:07]} Ne4 {[%clk 0:34:11]} 48. Rf7 {[%clk 0:19:03]}
Rd5 {[%clk 0:33:31]} 49. g4 {[%clk 0:17:47]} Rg5 {[%clk 0:31:38]} 50. f3 {[%clk
0:17:31]} Nd2 {[%clk 0:27:56]} 51. Rxd6 {[%clk 0:17:35]} Nc4 {[%clk 0:27:19]} 52.
Rc6 {[%clk 0:17:17]} Kd4 {[%clk 0:27:06]} 53. Rxc4+ {[%clk 0:17:04]} Kxc4 {[%clk
0:27:18]} 54. Rd7 {[%clk 0:17:28]} Kc5 {[%clk 0:27:05]} 55. Kg3 {[%clk 0:17:53]}
1-0

[Event "Greek Team Championship"]
[Site "chess24.com"]
[Date "2017.07.04"]
[Round "2"]
[White "Lentzos, Ioanis"]
[Black "Nasos, Konstantinos"]
[Result "1-0"]
[Board "8"]
[WhiteElo "2038"]
[WhiteCountry "GRE"]
[WhiteFideId "4255470"]
[WhiteEloChange "2"]
[BlackElo "1611"]
[BlackCountry "GRE"]
[BlackFideId "25838938"]
[BlackEloChange "-2"]

1. e4 {[%clk 1:30:56]} e6 {[%clk 1:30:49]} 2. d4 {[%clk 1:31:05]} d5 {[%clk
1:31:13]} 3. e5 {[%clk 1:31:17]} c5 {[%clk 1:31:16]} 4. c3 {[%clk 1:31:42]} Nc6
{[%clk 1:31:41]} 5. Be3 {[%clk 1:32:02]} Bd7 {[%clk 1:32:03]} 6. Nf3 {[%clk
1:30:57]} Qb6 {[%clk 1:21:23]} 7. Qd2 {[%clk 1:30:50]} Rc8 {[%clk 1:20:05]} 8.
dxc5 {[%clk 1:09:58]} Bxc5 {[%clk 1:19:12]} 9. Bxc5 {[%clk 0:54:39]} Qxc5 {[%clk
1:19:39]} 10. Na3 {[%clk 0:54:00]} Nge7 {[%clk 1:05:56]} 11. Bd3 {[%clk 0:46:59]}
a6 {[%clk 0:57:47]} 12. O-O {[%clk 0:44:39]} O-O {[%clk 0:54:45]} 13. Rad1 {[%clk
0:39:47]} b5 {[%clk 0:48:57]} 14. Nc2 {[%clk 0:33:33]} Ng6 {[%clk 0:42:25]} 15.
Rfe1 {[%clk 0:32:24]} a5 {[%clk 0:38:46]} 16. h4 {[%clk 0:29:25]} h6 {[%clk
0:31:03]} 17. h5 {[%clk 0:24:08]} Nge7 {[%clk 0:31:27]} 18. Ne3 {[%clk 0:23:46]}
Kh8 {[%clk 0:25:18]} 19. Ng4 {[%clk 0:21:01]} Ng8 {[%clk 0:25:43]} 20. Bb1 {[%clk
0:19:42]} Nce7 {[%clk 0:20:52]} 21. Qd3 {[%clk 0:17:25]} Nf5 {[%clk 0:14:11]} 22.
Ne3 {[%clk 0:17:35]} g6 {[%clk 0:13:31]} 23. g4 {[%clk 0:16:25]} Nxe3 {[%clk
0:10:40]} 24. Rxe3 {[%clk 0:16:34]} Qc4 {[%clk 0:10:23]} 25. Nd4 {[%clk 0:14:44]}
Qxd3 {[%clk 0:10:23]} 26. Bxd3 {[%clk 0:15:09]} gxh5 {[%clk 0:08:03]} 27. gxh5
{[%clk 0:14:17]} Rb8 {[%clk 0:06:20]} 28. b4 {[%clk 0:12:19]} a4 {[%clk 0:05:06]}
29. Kh2 {[%clk 0:11:15]} f5 {[%clk 0:03:08]} 30. f4 {[%clk 0:09:14]} Ne7 {[%clk
0:03:08]} 31. Rg1 {[%clk 0:08:22]} Rb6 {[%clk 0:02:44]} 32. Reg3 {[%clk 0:08:16]}
Rg8 {[%clk 0:02:33]} 33. Rxg8+ {[%clk 0:08:18]} Nxg8 {[%clk 0:03:01]} 34. Rg6
{[%clk 0:07:56]} Kh7 {[%clk 0:02:50]} 35. Bxf5 {[%clk 0:07:08]} Rb7 {[%clk
0:00:41]} 36. Bxe6 {[%clk 0:04:26]} Ne7 {[%clk 0:00:38]} 37. Rf6 {[%clk 0:04:00]}
Be8 {[%clk 0:00:40]} 38. Bf7 {[%clk 0:04:08]} Bd7 {[%clk 0:00:34]} 39. Bg6+
{[%clk 0:04:17]} Nxg6 {[%clk 0:00:35]} 40. hxg6+ {[%clk 0:33:48]} Kg8 {[%clk
0:30:37]} 41. Rf7 {[%clk 0:32:19]} Rb6 {[%clk 0:14:09]} 42. Rxd7 {[%clk 0:31:21]}
Rxg6 {[%clk 0:14:27]} 43. f5 {[%clk 0:30:19]} Rg5 {[%clk 0:13:10]} 44. e6 {[%clk
0:27:45]} Kf8 {[%clk 0:12:23]} 45. f6 {[%clk 0:27:06]} Rh5+ {[%clk 0:10:16]} 46.
Kg3 {[%clk 0:27:21]} Rg5+ {[%clk 0:08:22]} 47. Kf4 {[%clk 0:27:18]} Ke8 {[%clk
0:04:40]} 48. Nc6 {[%clk 0:27:28]} 1-0